Ética y responsabilidad social del contador público en el sector turístico de la ciudad de Cartagena. / (Registro nro. 49072)
[ vista simple ]
| 000 -LEADER | |
|---|---|
| fixed length control field | 02737nam a2200277 i 4500 |
| 005 - DATE AND TIME OF LATEST TRANSACTION | |
| control field | 20250626211118.0 |
| 007 - PHYSICAL DESCRIPTION FIXED FIELD--GENERAL INFORMATION | |
| fixed length control field | ta |
| 008 - FIXED-LENGTH DATA ELEMENTS--GENERAL INFORMATION | |
| fixed length control field | 200622s2025 000 0 eng d |
| 040 ## - CATALOGING SOURCE | |
| Original cataloging agency | CO-CtgCURN |
| Language of cataloging | spa |
| Transcribing agency | coctgcurn |
| Description conventions | rda |
| 082 0# - DEWEY DECIMAL CLASSIFICATION NUMBER | |
| Classification number | COP 2025 |
| Item number | R621 |
| 100 1# - MAIN ENTRY--PERSONAL NAME | |
| Personal name | Rivera Navarro, Danny Luz, |
| Relator term | author. |
| Relationship | aut |
| 245 10 - TITLE STATEMENT | |
| Title | Ética y responsabilidad social del contador público en el sector turístico de la ciudad de Cartagena. / |
| Statement of responsibility, etc. | Danny Luz Rivera Navarro; Laury Nayelis Povea Quintana; Director: Jesús David Castillo Peñate. |
| 260 ## - PUBLICATION, DISTRIBUTION, ETC. | |
| Place of publication, distribution, etc. | Cartagena de Indias : |
| Name of publisher, distributor, etc. | Corporación Universitaria Rafael Núñez, |
| Date of publication, distribution, etc. | 2025. |
| 300 ## - PHYSICAL DESCRIPTION | |
| Extent | 24 hojas. |
| 336 ## - CONTENT TYPE | |
| Content type term | text |
| Content type code | txt |
| Source | rdacontent |
| 337 ## - MEDIA TYPE | |
| Media type term | unmediated |
| Media type code | n |
| Source | rdamedia |
| 338 ## - CARRIER TYPE | |
| Carrier type term | volume |
| Carrier type code | nc |
| Source | rdacarrier |
| 502 ## - DISSERTATION NOTE | |
| Dissertation note | Trabajo de grado (Contador público). Corporación Universitaria Rafael Núñez. Facultad de Ciencias Administrativas y Contables. Programa de Contaduría Pública, 2025. |
| 520 8# - SUMMARY, ETC. | |
| Summary, etc. | "La responsabilidad social del contador público se ha vuelto un tema cada vez más importante en el contexto empresarial actual. El objetivo de este escrito es analizar y resaltar la función del contador, no solo como administrador de la información financiera, sino también como un agente de cambio social que impulsa prácticas éticas y sostenibles dentro de las organizaciones. En un entorno donde las empresas son cada vez más presionadas para actuar de manera responsable, es fundamental comprender cómo los contadores pueden influir positivamente en este aspecto y promover un desarrollo empresarial sostenible. El concepto de responsabilidad social empresarial (RSE) ha cambiado significativamente en las últimas décadas, impulsado por una mayor conciencia social y ambiental. Este concepto se basa en principios éticos que requieren que las empresas consideren su impacto en la sociedad y el medio ambiente. En la práctica, hemos observado un aumento en iniciativas de RSE en diversas industrias, donde los contadores tienen un papel esencial al garantizar la transparencia en la información financiera relacionada con estas prácticas. Existen normativas internacionales, como los Principios del Pacto Global de la ONU, que instan a las empresas a adoptar prácticas responsables socialmente." |
| 650 #0 - SUBJECT ADDED ENTRY--TOPICAL TERM | |
| Topical term or geographic name entry element | Contaduría pública |
| General subdivision | Tesis y disertaciones académicas. |
| 700 1# - ADDED ENTRY--PERSONAL NAME | |
| Personal name | Povea Quintana, Laury Nayelis. |
| 700 1# - ADDED ENTRY--PERSONAL NAME | |
| Personal name | Castillo Peñate, Jesús David, |
| Relator term | director. |
| 856 7# - ELECTRONIC LOCATION AND ACCESS | |
| Uniform Resource Identifier | <a href="https://unicurn.sharepoint.com/:b:/s/biblioteca/EWs_hJ56Z7lIjaXEag7soEQB-AXT9SdlTSIkkc0ZkzD3zQ?e=EpqGsX">https://unicurn.sharepoint.com/:b:/s/biblioteca/EWs_hJ56Z7lIjaXEag7soEQB-AXT9SdlTSIkkc0ZkzD3zQ?e=EpqGsX</a> |
| Public note | Click para ver el recurso en texto completo |
| 942 ## - ADDED ENTRY ELEMENTS (KOHA) | |
| Source of classification or shelving scheme | Dewey Decimal Classification |
| Institution code [OBSOLETE] | MHC |
| -- | MHC |
| Koha item type | Trabajos de grado |
| Classification part | COP 2025 |
| Item part | R621 |
| Withdrawn status | Lost status | Source of classification or shelving scheme | Damaged status | Not for loan | Collection | Home library | Current library | Shelving location | Date acquired | Total checkouts | Full call number | Barcode | Date last seen | Price effective from | Koha item type |
|---|---|---|---|---|---|---|---|---|---|---|---|---|---|---|---|
| Dewey Decimal Classification | Trabajos de grado | Miguel Henríquez Castañeda | Miguel Henríquez Castañeda | Trabajo de grado | 06/26/2025 | COP 2025 R621 | 025582 | 06/26/2025 | 06/26/2025 | Trabajos de grado |